La muchedumbre solitaria

Gardado en:
Detalles Bibliográficos
Main Authors: Riesman, David (Author), Glazer, Nathan (Author), Denney, Revel (Author)
Formato: Libro
Idioma:Lingua castelá
Publicado: Barcelona Paidós 1981
Series:Paidós Studio
Subjects:
Tags: Engadir etiqueta
Sen Etiquetas, Sexa o primeiro en etiquetar este rexistro!

MARC

LEADER 00000nam a2200000 a 4500
001 UCZ8136
003 CL-VaPUC
008 960112e19810000SP |||||||||||||||||spa|d
082 0 4 |a 303.38  |b RIE  |2 21 
100 0 |a Riesman, David  |e author  |9 353302 
700 |a Glazer, Nathan  |e author  |9 548265 
700 0 |a Denney, Revel  |e author  |9 353304 
245 1 3 |a La muchedumbre solitaria 
300 |a 375 p 
942 |c BK 
945 |d 19960112 00:00:00  |a lriquelm 
260 |a Barcelona  |b Paidós  |c 1981 
650 0 |a Sociología   |9 255410 
650 0 |a Opinión pública  |9 255512 
650 0 |a Actitud  |9 258129 
650 7 |a CARACTERIOLOGIA  |2 CL-VaPUC  |9 334613 
650 0 |a Personalidad   |9 307255 
650 0 |a Comportamiento moral  |9 334569 
650 7 |a ROL DE LOS PADRES  |2 CL-VaPUC  |9 338980 
650 0 |a Rol del docente  |9 329733 
650 0 |a Cambio social   |9 256857 
650 0 |a Política  |9 255312 
583 |a last modification  |c 19960112 00:00:00  |k Rodrigo Vera 
490 0 |a Paidós Studio 
999 |c 244091  |d 244089 
952 |0 0  |1 0  |4 0  |6 303_380000000000000_RIE_1981  |7 0  |8 P  |9 258024  |a BIBEDU  |b BIBEDU  |c BIBEDU_PB  |d 2019-11-19  |i 1617265  |o 303.38 RIE 1981  |p 1617265  |r 2019-11-19  |w 2019-11-19  |y BK  |k EDU